| 000 | 00498nam a2200157 a 4500 | ||
|---|---|---|---|
| 001 | 000030138 | ||
| 005 | 20200930060056.0 | ||
| 008 | 110503s2010 dr ac 000 0 spa d | ||
| 040 |
_aDO-SdBNP _bspa _cBNPHU |
||
| 082 |
_axxxx _bS446 |
||
| 110 | 1 |
_aSecretaría de Estado de Hacienda . _bCentro de Capacitación en Política y gestión Fiscal _956849 |
|
| 245 | 1 | 0 | _aInforme de gestión 2009 /. |
| 260 |
_aSanto Domingo : _bCAPGEFI, _c2010. |
||
| 300 |
_a53 P. : _bil., retr. ; _c28 cm. |
||
| 049 | _aBNPD | ||
| 999 |
_c29630 _d29630 |
||